000 00992pam a2200325 a 4500
001 51139
003 GBCCL
005 20241126110415.0
008 940503s1994 cau b 000 0 eng
010 _a 94012657
020 _a0830716742
020 _a9780830742806
035 _a(OCoLC)30475758
040 _aDLC
_cDLC
_dLBB
049 _aLBBK
_aLBBA
050 0 0 _aBV660.2
_b.L66 1994
082 0 0 _a253
_220
_bLON
090 _aBV660.2
_b.L66 1994
100 1 _aLondon, H. B.
_94176
245 1 4 _aThe heart of a great pastor :
_bhow to grow strong and thrive wherever God has planted you /
_cH.B. London, Jr., Neil B. Wiseman.
260 _aVentura, Calif. :
_bRegal Books,
_cc1994.
300 _a250 p. ;
_c22 cm.
440 2 _aA Pastor to pastor book
_94177
504 _aIncludes bibliographical references.
650 0 _aClergy
_xOffice.
_9299
650 0 _aPastoral theology.
_9414
650 0 _aEvangelicalism.
_9178
700 1 _aWiseman, Neil B.
_94178
942 _2ddc
_cBK
_01
999 _c2030
_d2030